000 00655cam a22002293a 4500
001 19104
003 PGUSA
005 20140828083415.0
008 060823s2006||||xxu|||||s|||||000 | eng d
040 _aPGUSA
_beng
042 _adc
050 4 _aHS
100 1 _aWebster, Nesta Helen,
_d1876-1960
245 1 0 _aSecret Societies And Subversive Movements
_h[electronic resource] /
_cNesta Helen Webster
260 _bProject Gutenberg,
_c2006
506 _aPublic domain in the USA.
516 _aElectronic text
653 _aSecret societies
830 0 _aProject Gutenberg
_v19104
856 4 0 _uhttp://www.gutenberg.org/ebooks/19104
942 _cEB
999 _c248359
_d248359